Statistics for Countries That Controlled Asia (with a map)

Click here to take the quiz!

General Stats

  • This quiz has been taken 358 times
    (67 since last reset)
  • The average score is 42 of 43

Answer Stats

Colonized by... Country % Correct
OttomanJordan
100%
OttomanIsrael
100%
OttomanIraq
100%
OttomanKuwait
100%
OttomanArmenia
100%
OttomanTurkey
100%
OttomanSyria
100%
OttomanSaudi Arabia
100%
OttomanGeorgia
100%
OttomanLebanon
100%
OttomanAzerbaijan
100%
BritishSri Lanka
98%
BritishSingapore
98%
BritishBangladesh
98%
BritishQatar
98%
RussianRussia
98%
BritishBahrain
98%
RussianTajikistan
98%
BritishYemen
98%
RussianUzbekistan
98%
BritishUnited Arab Emirates
98%
RussianTurkmenistan
98%
BritishMaldives
98%
BritishPakistan
98%
RussianKazakhstan
98%
BritishCyprus
98%
DutchIndonesia
98%
BritishIndia
98%
RussianKyrgyzstan
98%
BritishMyanmar
98%
BritishMalaysia
98%
BritishBrunei
98%
Qing DynastyChina
96%
FrenchVietnam
96%
FrenchLaos
96%
FrenchCambodia
96%
Qing DynastyMongolia
96%
KoreanNorth Korea
93%
KoreanSouth Korea
93%
United StatesPhilippines
93%
JapaneseJapan
89%
JapaneseTaiwan
89%
PortugueseEast Timor
83%

Score Distribution

Percentile by Number Answered

Percent of People with Each Score

Your Score History

You have not taken this quiz since the last reset